| 000 | 00383nam a2200133Ia 4500 | ||
|---|---|---|---|
| 008 | 170516s9999 xx 000 0 und d | ||
| 245 | _aTheranostic Imaging of the Kinases and Proteases that Modulate Cell Death and Survival | ||
| 260 | _bTheranostics | ||
| 260 | _c2012 | ||
| 300 | _a2:2 | ||
| 650 | _xMedical Technology | ||
| 650 | _xMedtech | ||
| 856 | _uhttp://www.thno.org/v2i2 | ||
| 999 |
_c330858 _d330858 |
||